Business law / (Record no. 1538)

000 -LEADER
fixed length control field 01442cam a22003018a 4500
001 - CONTROL NUMBER
control field 17152401
003 - CONTROL NUMBER IDENTIFIER
control field OSt
005 - DATE AND TIME OF LATEST TRANSACTION
control field 20150312130443.0
008 - FIXED-LENGTH DATA ELEMENTS--GENERAL INFORMATION
fixed length control field 120207s2012 enk b 001 0 eng
010 ## - LIBRARY OF CONGRESS CONTROL NUMBER
LC control number 2012005631
020 ## - INTERNATIONAL STANDARD BOOK NUMBER
International Standard Book Number 9781447900733 (pbk. : alk. paper)
040 ## - CATALOGING SOURCE
Original cataloging agency DLC
Transcribing agency DLC
043 ## - GEOGRAPHIC AREA CODE
Geographic area code e-uk-en
050 00 - LIBRARY OF CONGRESS CALL NUMBER
Classification number KD1629.M33 2012
082 00 - DEWEY DECIMAL CLASSIFICATION NUMBER
Classification number 346.4207
Edition number 23
100 1# - MAIN ENTRY--PERSONAL NAME
Personal name MacIntyre, Ewan.
245 10 - TITLE STATEMENT
Title Business law /
Statement of responsibility, etc Ewan Macintyre.
250 ## - EDITION STATEMENT
Edition statement 3rd ed.
260 ## - PUBLICATION, DISTRIBUTION, ETC. (IMPRINT)
Place of publication, distribution, etc Harlow, England ;
-- New York :
Name of publisher, distributor, etc Pearson,
Date of publication, distribution, etc 2012.
263 ## - PROJECTED PUBLICATION DATE
Projected publication date 1111
300 ## - PHYSICAL DESCRIPTION
Extent p. cm.
504 ## - BIBLIOGRAPHY, ETC. NOTE
Bibliography, etc Includes bibliographical references and index.
505 0# - FORMATTED CONTENTS NOTE
Formatted contents note Contract 1 : formation of a contract -- Contract 2 : the terms of the contract -- Contract 3 : misrepresentation, mistake, duress -- Illegality, minors and privity -- Contract 4 : discharge of contractual obligations and remedies -- Tort -- Companies 1 : formation and personnel -- Companies 2 : shares, resolutions, protection of minority shareholders and charges -- Partnership, limited liability partnership and sole trading -- Employment 1 : the contract of employment -- Employee rights, dismissal and redundancy -- Employment 2 : discrimination -- Sources of English law -- And finally, before the exam.
650 #0 - SUBJECT ADDED ENTRY--TOPICAL TERM
Topical term or geographic name as entry element Commercial law
Geographic subdivision England.
906 ## - LOCAL DATA ELEMENT F, LDF (RLIN)
a 7
b cbc
c orignew
d 1
e ecip
f 20
g y-gencatlg
942 ## - ADDED ENTRY ELEMENTS (KOHA)
Source of classification or shelving scheme
Koha item type Book
Holdings
Withdrawn status Lost status Source of classification or shelving scheme Damaged status Not for loan Home library Current library Shelving location Date acquired Total Checkouts Total Renewals Full call number Barcode Date last seen Date checked out Copy number Price effective from Koha item type
          Riara University Library Riara University Library General stack 12/03/2015 7 4 KD1629.M33 2012 5336/15 08/12/2025 10/11/2025 C.1 12/03/2015 Book

Riara University Library,
P.O. Box 49940-00100,
Nairobi, Kenya.